000 00967nmm a2200289 a 4500
001 ocm0001083703
003 TR-IsHL
005 20201028151541.0
008 150709s2010 tu tur
007 cr cn
020 _a9789753102070
035 _a1083703
_b(N$T)
050 0 4 _aPL230
_b.A37 2010
090 0 4 _aPL230
_b.A37 2010
100 1 _aAlpaslan, Zeynep
245 1 0 _aCan ve çamur'un orman macerası
_h[electronic resource] /
_cZeynep Alpaslan ; editör Keriman Güldiken ; resimleyen Mustafa Delioğlu
260 _aİstanbul :
_bMavibulut Yayınları,
_c2010
300 _a87 p.
650 4 _aDil ve Edebiyat
650 4 _aLanguage and Literature
650 0 _aÇocuk edebiyatı
650 0 _aChildren literature
650 7 _aJUVENILE FICTION / General
_2bisacsh
700 1 _aGüldiken, Keriman
700 1 _aDelioğlu, Mustafa
856 4 0 _uhttp://search.ebscohost.com/login.aspx?direct=true&scope=site&db=e011xww&AN=1083703
999 _c11063
_d11063